000 00557nam a2200217Ia 4500
003 0100
008 130307s9999 xx 000 0 und d
020 _a0829420878
040 _cARRUPELIB
050 _aBX2179.L8A83 2004
100 _aAschenbrenner, George A
245 _aStretched for greater glory
245 _bwhat to expect from the spiritual exercises
260 _aChicago
260 _bLoyola press
260 _c2004
300 _a213p.
300 _b22cm.
650 _bConstitutional history--Great Britain--Sources
942 0 0 _05
999 _c100157
_d100157